Vista normal
Vista MARC
Entrada Personal Name
Número de registros utilizados en: 1
001 - CONTROL NUMBER
- control field: 69469
003 - CONTROL NUMBER IDENTIFIER
- control field: OSt
005 - DATE AND TIME OF LATEST TRANSACTION
- control field: 20260317150106.0
008 - FIXED-LENGTH DATA ELEMENTS
- fixed length control field: 260317|| aca||aabn | a|a d
040 ## - CATALOGING SOURCE
- Original cataloging agency: OSt
- Transcribing agency: OSt
100 ## - HEADING--PERSONAL NAME
- Personal name: Andrezzinho,
- Dates associated with a name: 1975-
670 ## - SOURCE DATA FOUND
- Source citation: Work cat.: (OSt)60698: McCormick, María Inés, 1975- aut 63621, Patricio Pico y Pluma en la extraña desaparición del doctor Bonett /